| 000 | 01182nmm a2200313 a 4500 | ||
|---|---|---|---|
| 001 | ocm000708994 | ||
| 003 | TR-IsHL | ||
| 005 | 20201028142824.0 | ||
| 008 | 140118s2008 tu tur | ||
| 007 | cr cn | ||
| 020 | _a9789758683710 | ||
| 035 |
_a708994 _b(N$T) |
||
| 050 | 0 | 4 |
_aHX376.7.A6 _bB56 2008 |
| 090 | 0 | 4 |
_aHX376.7.A6 _bB56 2008 |
| 245 | 1 | 0 |
_a1928 TKP davası _h[electronic resource] / _cderleyen Emel Seyhan Atasoy |
| 260 |
_aİstanbul : _bTÜSTAV, _c2008 |
||
| 300 | _a152 p. | ||
| 650 | 4 | _aPolitika ve Uluslararası İlişkiler | |
| 650 | 4 | _aPolitics and International Relations | |
| 650 | 0 |
_aTürkiye Komünist Partisi _x Tarih |
|
| 650 | 0 |
_aTürkiye Komünist Partisi _x History |
|
| 650 | 0 |
_aYargılama (Siyasal suçlar ve suçlular) _x Türkiye. |
|
| 650 | 0 |
_aTrials (Political crimes and offenses) _x Turkey |
|
| 650 | 0 |
_aKomünizm _x Türkiye _x Tarih |
|
| 650 | 0 |
_aCommunism _x Turkey _x History |
|
| 650 | 7 |
_aPOLITICAL SCIENCE / Political Ideologies / Communism, Post-Communism & Socialism _2bisacsh |
|
| 700 | 1 | _aAtasoy, Emel Seyhan | |
| 856 | 4 | 0 | _uhttp://search.ebscohost.com/login.aspx?direct=true&scope=site&db=e011xww&AN=708994 |
| 999 |
_c8564 _d8564 |
||